Places To Study

There are group study rooms, individual study carrels, computer labs, and other spaces to study in the Libraries.

Reserve A Group Room

Online Resources

Access thousands of eBooks, audiobooks, and online journals from the comfort of your home.

Explore Resources

Events and Workshops

Join our upcoming events and workshops to enhance your skills and knowledge.

View Events

လက်‌ရွေးစင်သုတ်များအတွဲ(၃) = The Selected Suttas, Volume III (Record no. 2690)

MARC details
000 -LEADER
fixed length control field 00874nam a22001817a 4500
003 - CONTROL NUMBER IDENTIFIER
control field OSt
005 - DATE AND TIME OF LATEST TRANSACTION
control field 20251212085932.0
008 - FIXED-LENGTH DATA ELEMENTS--GENERAL INFORMATION
fixed length control field 251212b |||||||| |||| 00| 0 eng d
040 ## - CATALOGING SOURCE
Transcribing agency DCL
082 ## - DEWEY DECIMAL CLASSIFICATION NUMBER
Classification number ၂၉၄.၃၈၂၃
245 00 - TITLE STATEMENT
Title လက်‌ရွေးစင်သုတ်များအတွဲ(၃) = The Selected Suttas, Volume III
264 ## - PRODUCTION, PUBLICATION, DISTRIBUTION, MANUFACTURE, AND COPYRIGHT NOTICE
Place of production, publication, distribution, manufacture စစ်ကိုင်း ၊
Name of producer, publisher, distributor, manufacturer သီတဂူကမ္ဘာ့ဗုဒ္ဓတက္ကသိုလ်၊
Date of production, publication, distribution, manufacture, or copyright notice ၂၀၀၆။
300 ## - PHYSICAL DESCRIPTION
Extent XII, ၂၈၁ စာမျက်နှာ ၊
Dimensions ၂၃ စင်တီ။
490 ## - SERIES STATEMENT
Series statement သီတဂူစာစဉ်
Volume/sequential designation ၁၁၇
500 ## - GENERAL NOTE
General note မြန်မာ-အင်္ဂလိပ် နှစ်ဘာသာပါဝင်သည်။
650 ## - SUBJECT ADDED ENTRY--TOPICAL TERM
Topical term or geographic name entry element သုတ်တရားတော်များ။
942 ## - ADDED ENTRY ELEMENTS (KOHA)
Source of classification or shelving scheme Dewey Decimal Classification
Koha item type Short Term
Suppress in OPAC No
Holdings
Withdrawn status Lost status Source of classification or shelving scheme Damaged status Not for loan Collection Accession No. Home library Current library Shelving location Date acquired Total checkouts Full call number Barcode Date last seen Price effective from Koha item type
    Dewey Decimal Classification     Myanmar Collection ၃၄၈၇ Dhammadhara Dhammadhara Myanmar Shelves 12/12/2025   ၂၉၄.၃၈၂၃ လက် ၃၄၈၇ MB00003487 12/12/2025 12/12/2025 Short Term